Nehmotný majetok z pohľadu dane z príjmov

Definícia nehmotného majetku. Zdanenie príjmov plynúcich v nadväznosti na NM. Účtovný a daňový pohľad na NM z aspektu daňových výdavkov. Príklady z praxe.

Saved in:
Bibliographic Details
Main Author: Brnová, Miroslava
Format: Book Chapter
Language:Slovak
Subjects:
Tags: Add Tag
No Tags, Be the first to tag this record!

MARC

LEADER 00000naa a2200000 4500
001 0246499
005 20180719110112.2
041 0 |a slo 
044 |a SK 
245 1 0 |a Nehmotný majetok z pohľadu dane z príjmov  |c Miroslava Brnová 
520 |a Definícia nehmotného majetku. Zdanenie príjmov plynúcich v nadväznosti na NM. Účtovný a daňový pohľad na NM z aspektu daňových výdavkov. Príklady z praxe. 
610 2 0 |a majetok nehmotný 
610 2 0 |a zdaňovanie 
610 2 0 |a Slovensko 
610 2 0 |a dane z príjmov 
610 2 0 |a vlastníctvo duševné 
100 1 |a Brnová, Miroslava